00413nam a2200157Ia 45000010006000000050017000060080041000230410008000640820018000721000022000902450085001122600009001973000033002066500008002396540008002471846620260306171632.0260306s9999||||xx |||||||||||||| ||und|| aESP a658.405bU879 aUry, WilliameAUT 0a¡Supere el no!:bcómo negociar con personas que adoptan posiciones obstinadas c2006 aXIX, 190 páginas :c23 cm. aGEN aCAN